Statistics for Musicians by Picture #1

Click here to take the quiz!

General Stats

  • This quiz has been taken 60,108 times
    (20,337 since last reset)
  • The average score is 14 of 20

Answer Stats

Answer% Correct
Adele
92%
David Bowie
89%
Wolfgang Amadeus Mozart
89%
Amy Winehouse
86%
Lady Gaga
86%
Frank Sinatra
85%
Elton John
84%
Katy Perry
82%
Cher
77%
Jimi Hendrix
76%
Jennifer Lopez
73%
Usher
68%
Aretha Franklin
67%
Ringo Starr
63%
Bono
60%
Olivia Rodrigo
59%
Zayn Malik
56%
Seal
53%
Björk
46%
Iggy Pop
39%

Score Distribution

Percentile by Number Answered

Percent of People with Each Score

Your Score History

You have not taken this quiz since the last reset